[Event "Berlin-ch"]
[Site "Berlin"]
[Date "2024.04.04"]
[Round "6"]
[White "Nogly, Christoph"]
[Black "Muse, Drazen"]
[Result "1/2-1/2"]
[WhiteElo "2228"]
[BlackElo "2316"]
[PlyCount "114"]
[EventDate "2024.03.30"]
[EventType "swiss"]
[EventRounds "9"]
[EventCountry "GER"]
[SourceTitle "CB15_2024"]
[SourceDate "2024.04.10"]
[SourceVersion "1"]
[SourceVersionDate "2024.04.10"]
[SourceQuality "1"]

1. d4 Nf6 2. c4 g6 3. Nc3 Bg7 4. e4 d6 5. h3 0-0 6. Be3 Na6 7. Nf3 c5 8. d5 e6 9. Bd3 exd5 10. exd5 Re8 11. 0-0 Nc7 12. a4 Na6 13. Bg5 Nb4 14. Bb1 h6 15. Bh4 g5 16. Bg3 Nh5 17. Qd2 f5 18. Ra3 Nf6 19. Nxg5 hxg5 20. Qxg5 Nh7 21. Qh5 Rf8 22. Nb5 Nf6 23. Qg6 Ne8 24. Nxd6 Nxd6 25. Qxd6 b6 26. Re1 Qxd6 27. Bxd6 Rd8 28. Rg3 Kh8 29. Re7 Bf6 30. Be5 Bxe5 31. Rxe5 Rb8 32. Re7 Rb7 33. Rgg7 Rdd7 34. Rxd7 Bxd7 35. Re7 Bc6 36. Rxb7 Bxb7 37. Bxf5 a6 38. f4 b5 39. axb5 axb5 40. b3 bxc4 41. bxc4 Ba6 42. d6 Bxc4 43. d7 Nc6 44. h4 Bd5 45. h5 c4 46. Kf2 c3 47. Ke3 Bxg2 48. Kd3 Kg7 49. Kxc3 Bf3 50. Bg6 Kh6 51. Kc4 Bxh5 52. Kc5 Nd8 53. Bf5 Kg7 54. Kd6 Kf6 55. Bh3 Bd1 56. Bg2 Ba4 57. Bd5 Bxd7 1/2-1/2

[Event "BL2-Nord 2223"]
[Site "Germany"]
[Date "2022.10.23"]
[Round "2.8"]
[White "Lagunow, Alexander"]
[Black "Nogly, Christoph"]
[Result "1/2-1/2"]
[WhiteElo "2360"]
[BlackElo "2250"]
[PlyCount "51"]
[EventDate "2022.10.22"]
[EventType "team-tourn"]
[EventRounds "10"]
[EventCountry "GER"]
[SourceTitle "EXT 2024"]
[Source "ChessBase"]
[SourceDate "2023.10.10"]
[SourceVersion "1"]
[SourceVersionDate "2023.10.10"]
[SourceQuality "1"]
[WhiteTeam "Zehlendorf"]
[BlackTeam "Berlin SF II"]
[WhiteTeamCountry "GER"]
[BlackTeamCountry "GER"]

1. c4 e6 2. Nc3 d5 3. d4 Nf6 4. Bg5 Nbd7 5. e3 h6 6. Bh4 Be7 7. Nf3 0-0 8. Qc2 a6 9. cxd5 exd5 10. Bd3 c6 11. a3 Nh5 12. Bxe7 Qxe7 13. 0-0-0 Nhf6 14. Rhg1 Nb6 15. h3 c5 16. dxc5 Qxc5 17. g4 Ne8 18. g5 h5 19. g6 fxg6 20. Ne5 Bf5 21. Nxg6 Bxd3 22. Rxd3 Rf7 23. Rg5 Nf6 24. Rd4 Rc8 25. Nf4 Qe7 26. h4 1/2-1/2

[Event "Oberliga Nord O 1920"]
[Site "Germany"]
[Date "2021.08.14"]
[Round "8.1"]
[White "Nogly, Christoph"]
[Black "Thesing, Matthias"]
[Result "0-1"]
[WhiteElo "2274"]
[BlackElo "2310"]
[PlyCount "86"]
[EventDate "2019.09.29"]
[EventType "team-tourn"]
[EventRounds "9"]
[EventCountry "GER"]
[SourceTitle "EXT 2023"]
[Source "ChessBase"]
[SourceDate "2022.10.05"]
[SourceVersion "1"]
[SourceVersionDate "2022.10.05"]
[SourceQuality "1"]
[WhiteTeam "Berlin SF III"]
[BlackTeam "Kreuzberg"]
[WhiteTeamCountry "GER"]
[BlackTeamCountry "GER"]

1. d4 Nf6 2. Nf3 d5 3. g3 c6 4. Bg2 Bf5 5. c4 e6 6. Nc3 Be7 7. Qb3 Qb6 8. c5 Qxb3 9. axb3 Ne4 10. Bf4 Nd7 11. h4 0-0 12. b4 a6 13. Nd1 h6 14. Ne3 Bh7 15. Ng4 f6 16. Bh3 Bf5 17. Nfh2 h5 18. Nh6+ gxh6 19. Bxf5 exf5 20. Bxh6 Rfe8 21. Bf4 b6 22. Nf1 a5 23. f3 axb4 24. Rxa8 Rxa8 25. fxe4 Ra1+ 26. Kf2 fxe4 27. cxb6 Nxb6 28. Rg1 Kf7 29. Nd2 Rxg1 30. Kxg1 Nc4 31. b3 Nxd2 32. Bxd2 Ke6 33. Kg2 Kf5 34. Kh3 c5 35. dxc5 Bxc5 36. e3 Bf8 37. Be1 Bh6 38. Bf2 Bf8 39. Be1 Bd6 40. Bd2 Bc5 41. Bc1 d4 42. exd4 Bxd4 43. Bd2 Bc5 0-1

[Event "Oberliga Nord O 1920"]
[Site "Germany"]
[Date "2020.01.19"]
[Round "5.2"]
[White "Manzke, Lucas"]
[Black "Nogly, Christoph"]
[Result "0-1"]
[WhiteElo "1993"]
[BlackElo "2263"]
[PlyCount "60"]
[EventDate "2019.09.29"]
[EventType "team-tourn"]
[EventRounds "9"]
[EventCountry "GER"]
[SourceTitle "CBM 195 Extra"]
[Source "ChessBase"]
[SourceDate "2020.05.31"]
[SourceVersion "1"]
[SourceVersionDate "2020.05.31"]
[SourceQuality "1"]

1. e4 e5 2. Nf3 Nc6 3. Bb5 Nf6 4. d3 Bc5 5. 0-0 Nd4 6. Nxd4 Bxd4 7. c3 Bb6 8. Bg5 h6 9. Bh4 c6 10. Ba4 d6 11. Nd2 g5 12. Bg3 h5 13. h4 Bg4 14. Qe1 Nh7 15. Nc4 gxh4 16. Bh2 Rg8 17. Kh1 h3 18. g3 Bf3+ 19. Kg1 Bg2 20. d4 Ng5 21. Bd1 h4 22. dxe5 dxe5 23. Nxe5 hxg3 24. Bxg3 Qf6 25. Kh2 Bxf1 26. Qxf1 Bc7 27. f4 Bxe5 28. Bc2 0-0-0 29. Rd1 Ne6 30. fxe5 Rd2+ 0-1

[Event "Berlin-ch MT"]
[Site "Berlin"]
[Date "2019.04.27"]
[Round "8"]
[White "Figura, Atila Gajo"]
[Black "Nogly, Christoph"]
[Result "1-0"]
[WhiteElo "2380"]
[BlackElo "2225"]
[PlyCount "65"]
[EventDate "2019.04.20"]
[EventType "swiss"]
[EventRounds "9"]
[EventCountry "GER"]
[SourceTitle "EXT 2020"]
[Source "ChessBase"]
[SourceDate "2019.10.17"]
[SourceVersion "1"]
[SourceVersionDate "2019.10.17"]
[SourceQuality "1"]

1. Nf3 d5 2. g3 c6 3. Bg2 Bg4 4. 0-0 Nd7 5. d3 e6 6. Nbd2 Ngf6 7. b3 Bc5 8. Bb2 0-0 9. Qe1 Qe7 10. a3 a5 11. h3 Bxf3 12. Nxf3 e5 13. e4 dxe4 14. dxe4 Rfd8 15. Qe2 Ne8 16. Nh4 Nf8 17. Nf5 Qe6 18. h4 g6 19. Nh6+ Kg7 20. Ng4 h6 21. Kh2 h5 22. Ne3 Qe7 23. c3 Ne6 24. a4 N8c7 25. Nc4 b5 26. axb5 cxb5 27. Nxa5 Qd7 28. b4 Qd2 29. Qxd2 Rxd2 30. Bc1 Rd6 31. bxc5 Rda6 32. Nb3 Rxa1 33. Nxa1 1-0

[Event "Berlin-ch MT"]
[Site "Berlin"]
[Date "2019.04.20"]
[Round "1"]
[White "Nogly, Christoph"]
[Black "Boettcher, Patrick"]
[Result "0-1"]
[WhiteElo "2225"]
[BlackElo "2076"]
[PlyCount "80"]
[EventDate "2019.04.20"]
[EventType "swiss"]
[EventRounds "9"]
[EventCountry "GER"]
[SourceTitle "EXT 2020"]
[Source "ChessBase"]
[SourceDate "2019.10.17"]
[SourceVersion "1"]
[SourceVersionDate "2019.10.17"]
[SourceQuality "1"]

1. d4 Nf6 2. c4 e6 3. g3 d5 4. Bg2 dxc4 5. Nf3 Bb4+ 6. Nbd2 c6 7. 0-0 b5 8. a4 Bb7 9. axb5 cxb5 10. Nxc4 0-0 11. Nce5 a5 12. Bg5 Be7 13. Rc1 h6 14. Bxf6 Bxf6 15. Qd3 b4 16. Rfd1 Qb6 17. e4 Rd8 18. Nc4 Qa6 19. Qe3 Nd7 20. b3 Nb6 21. Nfe5 Qa7 22. Nxb6 Qxb6 23. Nc4 Qa7 24. d5 Qxe3 25. fxe3 exd5 26. exd5 Ba6 27. d6 Rac8 28. d7 Rc7 29. Nb6 Bc3 30. Rd6 Bb7 31. Bxb7 Rxb7 32. Rc6 Bd2 33. Kf2 Bxc1 34. Rc8 Rbxd7 35. Rxc1 Rd2+ 36. Kf3 Rxh2 37. Rc5 Rb2 38. Rxa5 Rxb3 39. Nd5 Rb8 40. Ne7+ Kh7 0-1

[Event "Oberliga Nord O 1819"]
[Site "Germany"]
[Date "2019.04.07"]
[Round "9.2"]
[White "Jahnz, Fabian"]
[Black "Nogly, Christoph"]
[Result "0-1"]
[WhiteElo "2244"]
[BlackElo "2223"]
[PlyCount "122"]
[EventDate "2018.10.21"]
[EventType "team-tourn"]
[EventRounds "9"]
[EventCountry "GER"]
[SourceTitle "EXT 2020"]
[Source "ChessBase"]
[SourceDate "2019.10.17"]
[SourceVersion "1"]
[SourceVersionDate "2019.10.17"]
[SourceQuality "1"]
[WhiteTeam "Koenig Tegel II"]
[BlackTeam "Berlin SF III"]
[WhiteTeamCountry "GER"]
[BlackTeamCountry "GER"]

1. e4 e5 2. Nf3 Nc6 3. Bc4 Nf6 4. d3 Bc5 5. c3 a6 6. 0-0 Ba7 7. Nbd2 d6 8. Bb3 0-0 9. h3 Be6 10. Re1 Bxb3 11. axb3 Re8 12. Nf1 h6 13. Nh4 d5 14. Qf3 Bc5 15. Nf5 Bf8 16. g4 dxe4 17. dxe4 Nh7 18. h4 Ne7 19. Rd1 Qc8 20. Be3 Qe6 21. b4 Rad8 22. Rxd8 Rxd8 23. Rd1 Rxd1 24. Qxd1 Nxf5 25. exf5 Qe7 26. h5 Qh4 27. Kg2 e4 28. Bf4 Nf6 29. Ne3 Bd6 30. Bxd6 cxd6 31. f3 Qg5 32. Kf2 Qf4 33. Qh1 d5 34. Ke2 Qe5 35. fxe4 dxe4 36. Qg1 Qd6 37. Qd1 Qh2+ 38. Ke1 Qxb2 39. Qd2 Qa1+ 40. Kf2 Qh1 41. Qe2 Qh2+ 42. Ke1 Qg1+ 43. Kd2 b5 44. Kc2 Qa1 45. Nd1 Qa2+ 46. Nb2 Qd5 47. Nd1 Kf8 48. Kb2 Ke7 49. Nf2 Qc4 50. Qe3 Kf8 51. Qb6 Kg8 52. Qd8+ Kh7 53. Qd2 Nd5 54. Nd1 Nb6 55. Ne3 Na4+ 56. Kc1 Qc7 57. Nd5 Qg3 58. Ne3 Qg1+ 59. Kc2 Qa1 60. Nd5 Qa2+ 61. Kd1 Qxd5 0-1

[Event "BL2-Nord 1819"]
[Site "Germany"]
[Date "2019.03.23"]
[Round "9.7"]
[White "Muse, Drazen"]
[Black "Nogly, Christoph"]
[Result "1/2-1/2"]
[WhiteElo "2368"]
[BlackElo "2233"]
[PlyCount "120"]
[EventDate "2018.11.10"]
[EventType "team-tourn"]
[EventRounds "10"]
[EventCountry "GER"]
[SourceTitle "CBM 190 Extra"]
[Source "ChessBase"]
[SourceDate "2019.07.15"]
[SourceVersion "1"]
[SourceVersionDate "2019.07.15"]
[SourceQuality "1"]
[WhiteTeam "Berlin Tegel"]
[BlackTeam "Berlin SF II"]
[WhiteTeamCountry "GER"]
[BlackTeamCountry "GER"]

1. Nf3 d5 2. b3 c6 3. e3 Bg4 4. Bb2 Nd7 5. h3 Bh5 6. d3 e6 7. Nbd2 Ngf6 8. Be2 a5 9. a3 Bxf3 10. Bxf3 Bd6 11. g4 0-0 12. Bg2 b5 13. Qe2 Qe7 14. 0-0 e5 15. a4 bxa4 16. Rxa4 Nb6 17. Ra2 a4 18. Rfa1 axb3 19. Rxa8 Rxa8 20. Rxa8+ Nxa8 21. Nxb3 Nb6 22. Qe1 h5 23. Qa5 Qc7 24. gxh5 Nxh5 25. Nd2 Nf6 26. Qa6 Nbd7 27. Nb3 Kh7 28. Bc3 Nc5 29. Nxc5 Bxc5 30. Qa5 Qxa5 31. Bxa5 Bd6 32. Kf1 Kg6 33. Ke2 Kf5 34. Bd8 Ke6 35. h4 Be7 36. Bc7 Ne8 37. Bb8 Bxh4 38. e4 dxe4 39. dxe4 g6 40. Bh3+ f5 41. f3 Be7 42. Kd3 Bd6 43. Ba7 Kf6 44. Be3 Nc7 45. Kc4 Ne6 46. c3 f4 47. Bf2 g5 48. Bg4 Ke7 49. Kd3 Nf8 50. Bc8 Nh7 51. Bb6 Nf6 52. Bf5 Nd7 53. Ba7 Kd8 54. Bf2 Kc7 55. Kc4 Nf6 56. Be6 Ba3 57. Bf5 Ne8 58. Bg4 Be7 59. Kd3 Nd6 60. Bc5 Kd8 1/2-1/2

[Event "Berlin CupT"]
[Site "Berlin"]
[Date "2018.06.16"]
[Round "5.1"]
[White "Schulz, Michael"]
[Black "Nogly, Christoph"]
[Result "0-1"]
[WhiteElo "2092"]
[BlackElo "2211"]
[PlyCount "126"]
[EventDate "2018.05.27"]
[EventType "team-k.o."]
[EventRounds "5"]
[EventCountry "GER"]
[SourceTitle "EXT 2022"]
[Source "ChessBase"]
[SourceDate "2021.10.06"]
[SourceVersion "1"]
[SourceVersionDate "2021.10.06"]
[SourceQuality "1"]
[WhiteTeam "Spandau Zitadelle"]
[BlackTeam "Berlin SF"]
[WhiteTeamCountry "GER"]
[BlackTeamCountry "GER"]

1. d4 d5 2. Bf4 Nf6 3. e3 e6 4. Nd2 Bd6 5. Bg3 0-0 6. Bd3 c5 7. c3 Nc6 8. Ngf3 b6 9. Ne5 Bb7 10. f4 Ne7 11. Qf3 Nf5 12. Bf2 Be7 13. Ng4 Nxg4 14. Qxg4 Nd6 15. dxc5 bxc5 16. Rd1 f5 17. Qh3 Qb6 18. b3 Qa5 19. 0-0 Qxc3 20. Nf3 Qa5 21. Bh4 Bxh4 22. Qxh4 Qd8 23. Qh3 Qe7 24. g4 g6 25. Rd2 a5 26. Rg2 Ba6 27. Bxa6 Rxa6 28. Ne5 Nf7 29. Nf3 Qf6 30. Kh1 a4 31. bxa4 Rxa4 32. Nh4 fxg4 33. Rxg4 Rxa2 34. Rfg1 Ra1 35. Rxa1 Qxa1+ 36. Rg1 Qf6 37. Rb1 Ra8 38. Kg2 Ra2+ 39. Kg3 Ra3 40. Kg2 d4 41. Rb8+ Kg7 42. Nf3 dxe3 43. Rb7 e2 44. Qg3 Re3 45. Qf2 Re4 46. Qxc5 Qxf4 47. Qc3+ Kh6 48. Qe1 Ng5 49. Ng1 Qg4+ 50. Kh1 Qxg1+ 51. Kxg1 Nf3+ 52. Kf2 Nxe1 53. Kxe1 g5 54. Rb8 Kg7 55. Rb7+ Kg6 56. Rb8 h5 57. Rf8 g4 58. Rg8+ Kf5 59. Rh8 Kg5 60. Rh7 Kh4 61. Rh8 Re5 62. Rf8 Kh3 63. Rf2 Re4 0-1

[Event "BL2-Nord 1718"]
[Site "Germany"]
[Date "2018.04.15"]
[Round "9.3"]
[White "Steczek, Marcin"]
[Black "Nogly, Christoph"]
[Result "1-0"]
[WhiteElo "2382"]
[BlackElo "2251"]
[PlyCount "81"]
[EventDate "2017.10.08"]
[EventType "team-tourn"]
[EventRounds "9"]
[EventCountry "GER"]
[SourceTitle "EXT 2019"]
[Source "ChessBase"]
[SourceDate "2018.10.10"]
[SourceVersion "1"]
[SourceVersionDate "2018.10.10"]
[SourceQuality "1"]
[WhiteTeam "Glueck Auf Ruedersdorf"]
[BlackTeam "Berlin SF II"]
[WhiteTeamCountry "GER"]
[BlackTeamCountry "GER"]

1. c4 e6 2. Nf3 d5 3. g3 dxc4 4. Qa4+ Nd7 5. Bg2 a6 6. Qxc4 b5 7. Qc2 Bb7 8. 0-0 Ngf6 9. Nc3 c5 10. d3 Be7 11. Bf4 0-0 12. Rfd1 Rc8 13. Rac1 Qb6 14. h3 Rfd8 15. Qb1 Bc6 16. e4 Ne8 17. Be3 Qb7 18. Nd2 e5 19. Nb3 Qc7 20. Ne2 Qb6 21. Qc2 Bb7 22. Qd2 Nc7 23. Na5 Ne6 24. b4 Ba8 25. Nc3 Qd6 26. bxc5 Ndxc5 27. Nd5 Bf8 28. Rc2 Nd7 29. Rdc1 Rxc2 30. Rxc2 Ndc5 31. h4 Nd4 32. Rc1 Na4 33. Nb3 Bxd5 34. exd5 Qb4 35. Qxb4 Bxb4 36. Nxd4 exd4 37. Bxd4 Ba3 38. Rc6 a5 39. Be5 Nb2 40. Bc7 Rf8 41. d6 1-0

[Event "Berlin-ch MT"]
[Site "Berlin"]
[Date "2018.04.08"]
[Round "9"]
[White "Acikel, Mert"]
[Black "Nogly, Christoph"]
[Result "1/2-1/2"]
[WhiteElo "1944"]
[BlackElo "2258"]
[PlyCount "90"]
[EventDate "2018.03.31"]
[EventType "swiss"]
[EventRounds "9"]
[EventCountry "GER"]
[SourceTitle "EXT 2020"]
[Source "ChessBase"]
[SourceDate "2019.10.17"]
[SourceVersion "1"]
[SourceVersionDate "2019.10.17"]
[SourceQuality "1"]

1. e4 e5 2. Nf3 Nc6 3. Bc4 d6 4. a4 g6 5. d3 h6 6. 0-0 Bg7 7. Re1 Nf6 8. c3 0-0 9. h3 Qe7 10. a5 a6 11. Nbd2 Be6 12. Qb3 Nd8 13. Qc2 c5 14. Nf1 Nc6 15. Ne3 Bxc4 16. Nxc4 Rad8 17. b3 Qc7 18. Be3 Nd7 19. Qd2 Kh7 20. Nh2 Ne7 21. Qc2 d5 22. exd5 Nxd5 23. Bd2 f5 24. Nf3 Rfe8 25. Rad1 Nb8 26. Be3 Nxe3 27. Rxe3 Nc6 28. Ra1 Re7 29. Ra4 Red7 30. Nb6 Re7 31. Nc4 f4 32. Re4 Red7 33. Ne1 Ne7 34. Nb6 Rd6 35. Nc4 Re6 36. Nb6 Ng8 37. Rac4 Red6 38. b4 Rc6 39. Nf3 Qd6 40. Ne1 Nf6 41. Re2 Nd7 42. Nxd7 Rxd7 43. Ree4 Qd5 44. Qe2 cxb4 45. cxb4 Rcd6 1/2-1/2

[Event "Berlin-ch MT"]
[Site "Berlin"]
[Date "2018.04.04"]
[Round "5"]
[White "Kunz, Andre"]
[Black "Nogly, Christoph"]
[Result "1/2-1/2"]
[WhiteElo "2154"]
[BlackElo "2258"]
[PlyCount "41"]
[EventDate "2018.03.31"]
[EventType "swiss"]
[EventRounds "9"]
[EventCountry "GER"]
[SourceTitle "EXT 2020"]
[Source "ChessBase"]
[SourceDate "2019.10.17"]
[SourceVersion "1"]
[SourceVersionDate "2019.10.17"]
[SourceQuality "1"]

1. e4 e5 2. Nf3 Nc6 3. Bc4 Bc5 4. c3 Nf6 5. d3 a6 6. 0-0 Ba7 7. Bb3 0-0 8. Nbd2 d6 9. h3 Be6 10. Re1 Re8 11. Nf1 h6 12. Be3 d5 13. Bxa7 Rxa7 14. Ng3 dxe4 15. dxe4 Qxd1 16. Raxd1 Bxb3 17. axb3 Raa8 18. Nd2 g6 19. Kf1 Kf8 20. Nc4 Rad8 21. b4 1/2-1/2

[Event "Berlin-ch MT"]
[Site "Berlin"]
[Date "2018.04.01"]
[Round "2"]
[White "Nogly, Christoph"]
[Black "Gebigke, Martin"]
[Result "1-0"]
[WhiteElo "2258"]
[BlackElo "2132"]
[PlyCount "81"]
[EventDate "2018.03.31"]
[EventType "swiss"]
[EventRounds "9"]
[EventCountry "GER"]
[SourceTitle "EXT 2020"]
[Source "ChessBase"]
[SourceDate "2019.10.17"]
[SourceVersion "1"]
[SourceVersionDate "2019.10.17"]
[SourceQuality "1"]

1. d4 Nf6 2. c4 e6 3. g3 d5 4. Bg2 Be7 5. Nf3 0-0 6. 0-0 dxc4 7. Qc2 a6 8. a4 Bd7 9. Qxc4 Bc6 10. Bg5 Bd5 11. Qc2 Be4 12. Qc1 Nc6 13. Rd1 Na5 14. Nbd2 Bxf3 15. Bxf3 Qxd4 16. Ne4 Qe5 17. Bf4 Qf5 18. Nxf6+ Bxf6 19. e4 Qg6 20. e5 Bd8 21. Ra3 Rb8 22. Rd7 b6 23. b4 Nb7 24. Qd1 Bg5 25. Bh5 Qh6 26. Bxg5 Qxg5 27. f4 Qf5 28. Bf3 a5 29. Rad3 g5 30. Qe2 axb4 31. Be4 Qh3 32. g4 Qh4 33. Bxb7 Rxb7 34. f5 exf5 35. gxf5 Qf4 36. e6 Qxf5 37. e7 Qc5+ 38. Qe3 Re8 39. Qxc5 bxc5 40. Rd8 Rb8 41. Rxb8 1-0

[Event "BL2-Nord 1718"]
[Site "Germany"]
[Date "2018.03.18"]
[Round "8.3"]
[White "Nogly, Christoph"]
[Black "Glud, Jakob Vang"]
[Result "1/2-1/2"]
[WhiteElo "2251"]
[BlackElo "2522"]
[PlyCount "107"]
[EventDate "2017.10.08"]
[EventType "team-tourn"]
[EventRounds "9"]
[EventCountry "GER"]
[SourceTitle "CBM 183 Extra"]
[Source "ChessBase"]
[SourceDate "2018.04.19"]
[SourceVersion "1"]
[SourceVersionDate "2018.04.19"]
[SourceQuality "1"]
[WhiteTeam "Berlin SF II"]
[BlackTeam "Kiel Turm"]
[WhiteTeamCountry "GER"]
[BlackTeamCountry "GER"]

1. d4 d5 2. Nf3 Nf6 3. c4 c6 4. Qb3 dxc4 5. Qxc4 Bf5 6. g3 e6 7. Bg2 Nbd7 8. 0-0 Be7 9. e3 0-0 10. Qe2 Ne4 11. Rd1 Rc8 12. Nbd2 Nxd2 13. Bxd2 Bc2 14. Rdc1 Be4 15. Bc3 Nf6 16. Ne5 h6 17. Bxe4 Nxe4 18. Nd3 Qd5 19. Bb4 Bxb4 20. Nxb4 Qf5 21. Nd3 Rfd8 22. Nc5 Nd6 23. Qc2 Qh3 24. Nd3 Nf5 25. Qe2 g5 26. f3 Ne7 27. f4 Qf5 28. Rc5 Qg6 29. fxg5 hxg5 30. Ne5 Qg7 31. Rf1 f6 32. Ng4 f5 33. Ne5 b6 34. Rcc1 c5 35. e4 Rxd4 36. exf5 exf5 37. Nf3 Re4 38. Qd2 g4 39. Nh4 Rf8 40. Nxf5 Rxf5 41. Rxf5 Rd4 42. Qg5 Nxf5 43. Qxf5 Rd2 44. Rf1 Qd4+ 45. Kh1 Qd5+ 46. Qxd5+ Rxd5 47. Rf2 Kg7 48. Kg2 Kg6 49. h3 gxh3+ 50. Kxh3 Kg5 51. Kg2 Rd3 52. Rf3 Rd2+ 53. Rf2 Rd3 54. Rf3 1/2-1/2

[Event "BL2-Nord 1718"]
[Site "Germany"]
[Date "2018.02.25"]
[Round "7.3"]
[White "Socko, Monika"]
[Black "Nogly, Christoph"]
[Result "1-0"]
[WhiteElo "2479"]
[BlackElo "2251"]
[PlyCount "79"]
[EventDate "2017.10.08"]
[EventType "team-tourn"]
[EventRounds "9"]
[EventCountry "GER"]
[SourceTitle "CBM 183 Extra"]
[Source "ChessBase"]
[SourceDate "2018.04.19"]
[SourceVersion "1"]
[SourceVersionDate "2018.04.19"]
[SourceQuality "1"]
[WhiteTeam "St Pauli"]
[BlackTeam "Berlin SF II"]
[WhiteTeamCountry "GER"]
[BlackTeamCountry "GER"]

1. d4 d5 2. c4 e6 3. Nc3 Nf6 4. Nf3 Nbd7 5. Bf4 Bb4 6. Qb3 c5 7. cxd5 exd5 8. Bd2 0-0 9. e3 Qb6 10. Be2 cxd4 11. Nxd4 Nc5 12. Qc2 Bd7 13. 0-0 Rac8 14. Rfc1 Bxc3 15. bxc3 Nfe4 16. Be1 Na4 17. Rab1 Qc7 18. c4 Rfe8 19. Qd1 b6 20. cxd5 Nec3 21. Bxc3 Nxc3 22. Qe1 Nxe2+ 23. Nxe2 Qd6 24. Qd2 Bf5 25. Ra1 Re5 26. Rxc8+ Bxc8 27. Nc3 Rh5 28. f4 Bb7 29. Rd1 Rf5 30. Qd3 g6 31. g4 Rf6 32. Ne4 Qd8 33. Nxf6+ Qxf6 34. g5 Qd6 35. Rd2 Qd7 36. Qe2 Qd6 37. Kf2 Kf8 38. Qc4 Kg8 39. Qe4 Qd7 40. Qe5 1-0

[Event "BL2-Nord 1718"]
[Site "Germany"]
[Date "2017.12.10"]
[Round "4.4"]
[White "Meessen, Max"]
[Black "Nogly, Christoph"]
[Result "1/2-1/2"]
[WhiteElo "2204"]
[BlackElo "2251"]
[PlyCount "88"]
[EventDate "2017.10.08"]
[EventType "team-tourn"]
[EventRounds "9"]
[EventCountry "GER"]
[SourceTitle "CBM 183 Extra"]
[Source "ChessBase"]
[SourceDate "2018.04.19"]
[SourceVersion "1"]
[SourceVersionDate "2018.04.19"]
[SourceQuality "1"]
[WhiteTeam "Oldenburg Union"]
[BlackTeam "Berlin SF II"]
[WhiteTeamCountry "GER"]
[BlackTeamCountry "GER"]

1. d4 d5 2. c4 e6 3. Nc3 Nf6 4. cxd5 exd5 5. Bg5 c6 6. e3 Be7 7. Bd3 Nbd7 8. Qc2 h6 9. Bh4 Nh5 10. Bxe7 Qxe7 11. 0-0-0 Nb6 12. h3 Be6 13. Nf3 0-0-0 14. Ne5 Kb8 15. Na4 Nxa4 16. Qxa4 Nf6 17. Kb1 Nd7 18. Nxd7+ Bxd7 19. Qc2 Qg5 20. Rdg1 h5 21. h4 Qf6 22. Ka1 g6 23. Rc1 Rhe8 24. b4 Qd6 25. Qc5 Qxc5 26. Rxc5 a6 27. Kb2 Kc7 28. Kc1 Kd6 29. Kd2 Ra8 30. Rb1 Rec8 31. Rc3 Ke7 32. a4 Kd6 33. Rb2 Ke7 34. f3 f5 35. e4 fxe4 36. fxe4 dxe4 37. Bxe4 Rf8 38. Rf3 Rxf3 39. Bxf3 Rf8 40. Ke3 Kd6 41. Be4 Bf5 42. Bf3 Bd7 43. Be4 Bf5 44. Bf3 Bd7 1/2-1/2

[Event "BL2-Nord 1617"]
[Site "Germany"]
[Date "2016.11.19"]
[Round "4.5"]
[White "Nogly, Christoph"]
[Black "Meissner, Felix"]
[Result "1/2-1/2"]
[WhiteElo "2241"]
[BlackElo "2247"]
[PlyCount "55"]
[EventDate "2016.10.16"]
[EventType "team-tourn"]
[EventRounds "9"]
[EventCountry "GER"]
[SourceTitle "EXT 2018"]
[Source "ChessBase"]
[SourceDate "2017.10.13"]
[SourceVersion "1"]
[SourceVersionDate "2017.10.13"]
[SourceQuality "1"]
[WhiteTeam "Berlin SF II"]
[BlackTeam "Hamburger SK II"]
[WhiteTeamCountry "GER"]
[BlackTeamCountry "GER"]

1. d4 Nf6 2. c4 g6 3. Nc3 Bg7 4. e4 d6 5. Bd3 0-0 6. Nge2 Na6 7. h3 Nd7 8. 0-0 c5 9. Be3 cxd4 10. Nxd4 Nac5 11. Be2 Nf6 12. Bf3 a6 13. Rc1 Bd7 14. b4 Ne6 15. Nxe6 Bxe6 16. Nd5 Bxd5 17. exd5 a5 18. a3 axb4 19. axb4 b6 20. c5 bxc5 21. bxc5 dxc5 22. Bxc5 Rc8 23. Re1 Re8 24. Rxe7 Rxe7 25. Bxe7 Rxc1 26. Bxd8 Rxd1+ 27. Bxd1 Nxd5 28. Bb3 1/2-1/2

[Event "BL2-Nord 1617"]
[Site "Germany"]
[Date "2016.10.16"]
[Round "1.3"]
[White "Steczek, Marcin"]
[Black "Nogly, Christoph"]
[Result "1-0"]
[WhiteElo "2379"]
[BlackElo "2241"]
[PlyCount "57"]
[EventDate "2016.10.16"]
[EventType "team-tourn"]
[EventRounds "9"]
[EventCountry "GER"]
[SourceTitle "CBM 175 Extra"]
[Source "ChessBase"]
[SourceDate "2016.12.12"]
[SourceVersion "1"]
[SourceVersionDate "2016.12.12"]
[SourceQuality "1"]
[WhiteTeam "Ruedersdorf"]
[BlackTeam "Berlin SF II"]
[WhiteTeamCountry "GER"]
[BlackTeamCountry "GER"]

1. Nf3 d5 2. c4 e6 3. b3 d4 4. Bb2 c5 5. e3 Nc6 6. b4 dxe3 7. fxe3 Nxb4 8. d4 cxd4 9. exd4 Nf6 10. a3 Nc6 11. Nbd2 Be7 12. Bd3 0-0 13. Qc2 Qa5 14. 0-0 Rd8 15. Rae1 h6 16. Nb3 Qc7 17. Kh1 Bd7 18. d5 Na5 19. Nbd4 Rac8 20. dxe6 Bxe6 21. Rxe6 fxe6 22. Nxe6 Qb6 23. Nxd8 Rxd8 24. Ne5 Nc6 25. c5 Qxc5 26. Bc4+ Rd5 27. Ng6 Bd8 28. Bxf6 Bxf6 29. Qe4 1-0